| 000 | 01022nam a2200277 a 4500 | ||
|---|---|---|---|
| 001 | 000017097 | ||
| 003 | DO-SdBNP | ||
| 005 | 20250306141917.0 | ||
| 008 | 100317s1979 dr ab r 000 0 spa d | ||
| 040 |
_aDO-SdBNP _bspa _cBNPHU |
||
| 082 |
_a372.61 _bD542L |
||
| 100 | 1 |
_aDíaz Castillo, Bienvenido _922529 |
|
| 245 | 1 | 0 |
_aLengua española 0-11 : _bteoría y práctica / _cBienvenido Díaz Castillo. |
| 246 | 1 | _aRedaccíon letra 011 | |
| 260 |
_aSanto Domingo : _bAlfa y Omega, _c1979. |
||
| 300 |
_a266 p. ; _c22 cm. |
||
| 490 | 1 | _aPublicaciones del Economato Universitario | |
| 500 | _aIncluye datos biográficos del autor en la contracubierta. | ||
| 504 | _aBibliografía : p. 257-259. | ||
| 590 | _aInventariado, 2018/BT | ||
| 650 | 4 |
_aEspañol _xEnseñanza _9406 |
|
| 710 | 1 |
_aUniversidad Autónoma de Santo Domingo _bFacultad de Humanidades. _bDepartamento de Letras _972951 |
|
| 830 | 0 |
_aPublicaciones del Economato Universitario _936818 |
|
| 910 | _aValidado. Control de calidad. EMS | ||
| 942 |
_2ddc _cLBS1 |
||
| 999 |
_c16623 _d16623 |
||